000 00437nam a22001697a 4500
003 NUST - PNEC
005 20170116181155.0
008 160112b xxu||||| |||| 00| 0 eng d
020 _a-
040 _cLIBRARY
082 _a891.4391 SHA
100 _915894
_aSharif Kanjahi
245 _aSitara sehri
_cSharif Kanjahi
260 _aLahore:
_bRavi Publishers;
_cc1992.
650 _915896
_aUrdu Literature
_xGeneral
942 _2ddc
_cBK
999 _c71193
_d71193